[Event "FIDE Chesscom Grand Swiss 2021"]
[Site "Riga"]
[Date "2021.11.01"]
[Round "6.40"]
[White "Abasov, Nijat"]
[Black "Henriquez Villagra, Cristobal"]
[Result "1/2-1/2"]
[WhiteElo "2638"]
[BlackElo "2608"]
[Annotator "TA"]
[PlyCount "76"]
[EventDate "2021.10.27"]
[EventType "swiss"]
[EventCountry "LAT"]
[Tiebreak "Cut1 Buchholz+Sonneborn-Berger (Swiss)"]
[SourceTitle "playchess.com"]
[Source "ChessBase"]
[SourceQuality "1"]

{[%evp 19,76,20,18,12,23,18,8,8,21,0,51,25,32,0,45,32,31,25,30,41,38,22,27,30,
21,14,58,12,4,0,0,0,0,0,0,0,26,9,60,0,0,0,0,0,0,0,0,0,0,0,0,-4,0,0,0,-8,0,0,0]
} 1. d4 Nf6 2. c4 e6 3. Nf3 d5 4. Nc3 c6 5. Bg5 Nbd7 6. cxd5 exd5 7. e3 Be7 8.
Qc2 Nh5 9. Bxe7 Qxe7 10. O-O-O Nb6 11. Bd3 {is now debated instead of 11.h3.
D36: Queen's Gambit Declined: Exchange Variation: Main line (5 Bg5 c6 6 Qc2).}
Bg4 12. Kb1 ({Much worse is} 12. Bxh7 g6 $17) 12... g6 13. Rc1 Bxf3 14. gxf3
Nf6 (14... Qh4 $11) 15. Ka1 {[#]} Nfd7 $146 ({Predecessor:} 15... Rd8 16. f4
Kf8 17. h4 Nc8 18. Rce1 c5 19. dxc5 Qxc5 20. f5 Nd6 21. Rd1 Re8 {1-0 (38)
Hochstrasser,M (2358)-Godena,M (2548) Switzerland 2009}) 16. f4 f5 17. Nb1 {
[%cal Bc3b1,Bb1d2,Bd2f3,Bf3e5][%mdl 32]} Qh4 18. Qe2 Nf6 19. Nd2 Ne4 20. Bxe4
dxe4 21. f3 exf3 22. Nxf3 Qf6 23. Ne5 O-O-O 24. b4 Kb8 $1 25. b5 cxb5 26. Qxb5
Qe6 27. Rc5 Rd5 28. Rhc1 Rhd8 ({Better is} 28... Ka8 $11) 29. R1c2 ({White
should try} 29. Qb2 $14) 29... Rxc5 $11 {The position is equal.} 30. dxc5 (30.
Qxc5 $2 {is the wrong capture.} Rc8 $19) 30... Rd1+ 31. Kb2 Qd5 32. Qb4 Nc8 33.
Ka3 Ka8 34. h4 a6 35. Nc4 Qc6 36. Ne5 Qd5 37. Nc4 Qc6 38. Ne5 Qd5 {Weighted
Error Value: White=0.10/Black=0.10} 1/2-1/2

[Event "FIDE Chesscom Grand Swiss 2021"]
[Site "Riga"]
[Date "2021.11.01"]
[Round "6.41"]
[White "Bjerre, Jonas Buhl"]
[Black "Niemann, Hans Moke"]
[Result "0-1"]
[WhiteElo "2569"]
[BlackElo "2638"]
[Annotator "TA"]
[PlyCount "114"]
[EventDate "2021.10.27"]
[EventType "swiss"]
[EventCountry "LAT"]
[Tiebreak "Cut1 Buchholz+Sonneborn-Berger (Swiss)"]
[SourceTitle "playchess.com"]
[Source "ChessBase"]
[SourceQuality "1"]

{[%evp 16,114,7,0,12,13,21,23,28,18,28,39,43,31,32,36,50,16,54,15,47,7,12,8,7,
0,0,0,0,-29,-29,-37,-51,-62,-65,-62,-43,-34,-20,-78,-72,-87,-81,-89,-84,-80,
-76,-96,-93,-97,-68,-55,-48,-91,-47,-60,-48,-129,-125,-135,-138,-134,-144,-210,
-159,-144,-91,-106,-95,-86,-87,-100,-104,-910,-881,-12837,-12838,-12838,-12839,
-12839,-12839,-12840,-12840,-12841,-12841,-12842,-12843,-12843,-12843,-12843,
-12843,-12843,-12843,-12844,-12844,-12846,-12846,-12847,-12845,-12845,-12846]} 
1. e4 e5 2. Nf3 Nc6 3. Bb5 a6 4. Ba4 Nf6 5. O-O Be7 6. d3 b5 7. Bb3 d6 {
7...d6 is better than 7...0-0.} 8. a3 O-O 9. Nc3 Na5 {C77: Ruy Lopez: 3...a6 4
Ba4 Nf6, unusual lines.} 10. Ba2 c5 11. b4 Nc6 {White has an edge.} 12. Nd5 Be6
13. c3 h6 14. Be3 Ng4 15. Bd2 Re8 {[#]} 16. a4 $146 ({Predecessor:} 16. Ne1 Bf8
17. Nc2 Ne7 18. Nc7 Qxc7 19. Bxe6 Nxh2 20. Bxf7+ Kxf7 21. Kxh2 Kg8 22. Ne3 {
0-1 (41) Keller,P (2285)-Rafiee,M (2318) Germany 2016}) 16... cxb4 17. cxb4 Nf6
18. axb5 axb5 19. Bb3 Rc8 20. Ra6 Bf8 21. Nxf6+ Qxf6 22. Bxe6 Qxe6 23. Rb6 d5
$1 24. Rxb5 dxe4 25. dxe4 Qc4 26. Rb7 Red8 {Strongly threatening ...Qa6.} 27.
Qb1 (27. b5 $11 Na5 28. Nxe5 Qxe4 29. Rd7 Qxe5 30. Bxa5 Rxd7 31. Qxd7) 27...
Qa6 $17 28. Rxf7 Kxf7 29. b5 {[%mdl 64] Double Attack} Qa4 30. bxc6 {Black
should prevent Qb7+.} Kg8 31. Rc1 {[#]} Bd6 {[%mdl 1024] Black has strong
compensation.} 32. Qb6 Bc7 $36 {[%mdl 2048] Black has good play.} 33. Qe3 Rb8
34. h4 Qa2 35. Bc3 Rb5 36. Nd2 ({Better is} 36. Ba1 $15) 36... Bb6 37. Qe1 Rc5
38. Nf3 Rxc6 39. Nxe5 {[#]} (39. Bd2 $17 Rxc1 40. Qxc1) 39... Rf8 $1 {[%mdl
512]} 40. Nf3 Rg6 (40... Qa3 $142 {Hoping for ...Rfc8.} 41. Bd2 Rxf3 42. Rxc6
Bxf2+ 43. Qxf2 Rxf2 44. Kxf2 Qd3 45. Rc8+ Kh7) 41. Bd4 Rxf3 42. Bxb6 {
Threatening h5.} Rf4 43. Bc7 Rxh4 44. Bg3 $2 {[%mdl 8192] [#] Loses the game.}
(44. Rc3 $17) 44... Rxg3 $1 $19 {[%mdl 512] Black is clearly winning.} 45. fxg3
{[%mdl 4096] Endgame KQR-KQR} (45. Qb4 Rd3) 45... Qa7+ 46. Qf2 {[#]} Rh1+ $1 {
[%mdl 576] Deflection} 47. Kxh1 Qxf2 {KQ-KR} 48. Kh2 Qe2 49. Rc3 Qxe4 50. Rf3
h5 51. Rf4 Qe5 52. Ra4 Kh7 53. Kh3 Kh6 54. Kh2 Qd6 55. Re4 g5 56. Kh3 g4+ 57.
Kh2 Kg5 {Weighted Error Value: White=0.38/Black=0.07} 0-1

[Event "FIDE Chesscom Grand Swiss 2021"]
[Site "Riga"]
[Date "2021.11.01"]
[Round "6.42"]
[White "Nguyen, Thai Dai Van"]
[Black "Kovalev, Vladislav"]
[Result "0-1"]
[WhiteElo "2577"]
[BlackElo "2634"]
[Annotator "TA"]
[PlyCount "60"]
[EventDate "2021.10.27"]
[EventType "swiss"]
[EventCountry "LAT"]
[Tiebreak "Cut1 Buchholz+Sonneborn-Berger (Swiss)"]
[SourceTitle "playchess.com"]
[Source "ChessBase"]
[SourceQuality "1"]

{[%evp 18,60,33,6,19,0,10,-18,-7,2,0,0,0,-6,0,0,0,-30,0,0,0,0,0,0,0,-40,0,-57,
-57,-46,-50,-195,-100,-119,-122,-128,-121,-211,-215,-195,-166,-172,-173,-167,
-170]} 1. Nf3 Nf6 2. d4 g6 3. c4 Bg7 4. g3 O-O 5. Bg2 d5 6. cxd5 Nxd5 7. O-O
Nc6 8. e3 Nb6 9. Nc3 Re8 10. Re1 a5 {D76: Fianchetto Grünfeld: Main Line with
7...Nb6.} 11. h3 a4 {[#]} 12. Nh2 $146 ({Predecessor:} 12. a3 Bd7 13. e4 Na5
14. Bf4 Nb3 15. Rb1 c5 16. dxc5 Nxc5 17. Qe2 Qc8 18. Kh2 {0-1 (42) Dziuba,M 
(2523)-Salem,A (2834) Chess.com INT 2017}) 12... Ra5 {The position is equal.}
13. Rb1 Bd7 14. b4 axb3 $1 15. axb3 {[%cal Ba2b3,Bb3b4,Bb4b5,Bb5c6,Bc6b7][%mdl
32]} Bf5 16. b4 Ra8 17. Rb3 Be6 18. Rb1 Bf5 $36 {[%mdl 2048] Black has the
initiative.} 19. b5 Bxb1 20. bxc6 Bf5 21. cxb7 Ra7 22. Ng4 (22. e4 $11 Bd7 23.
e5) 22... Qd7 $15 23. Qb3 Rb8 24. Ne4 (24. Rd1 $15) 24... Qa4 ({Better is} 
24... Bxe4 $19 25. Bxe4 e6) 25. Nc5 Qxb3 26. Nxb3 {[#]} Nd7 $1 27. Nh2 (27. Bd2
$17 {was worth a try.} Rbxb7 28. Bxb7 Rxb7 29. Na5) 27... Bc2 $19 {Black is
clearly better.} 28. Nd2 Ra6 29. Bb2 {With the idea Rc1.} c6 30. Rc1 Ba4 {
Weighted Error Value: White=0.28/Black=0.10} 0-1

[Event "FIDE Chesscom Grand Swiss 2021"]
[Site "Riga"]
[Date "2021.11.01"]
[Round "6.43"]
[White "Zhou, Jianchao"]
[Black "Bartel, Mateusz"]
[Result "1-0"]
[WhiteElo "2629"]
[BlackElo "2597"]
[Annotator "TA"]
[PlyCount "139"]
[EventDate "2021.10.27"]
[EventType "swiss"]
[EventCountry "LAT"]
[Tiebreak "Cut1 Buchholz+Sonneborn-Berger (Swiss)"]
[SourceTitle "playchess.com"]
[Source "ChessBase"]
[SourceQuality "1"]

{[%evp 9,139,-28,-23,-11,-26,-70,-74,-68,-75,-75,-52,-24,33,36,61,76,101,75,67,
51,70,61,60,54,64,62,60,9,34,29,178,179,158,162,169,129,166,165,171,168,164,
148,157,158,157,147,139,128,128,125,130,120,122,115,121,127,125,114,114,111,
116,81,74,74,91,81,91,91,91,91,91,91,91,91,91,91,91,91,91,91,91,91,116,91,109,
109,150,119,167,164,157,157,157,158,170,162,162,162,162,162,162,162,212,212,
212,212,212,212,212,212,212,212,212,212,797,789,819,623,756,617,684,660,583,
562,522,204,6436,6320,6083,6001,4594,1445]} 1. d4 d5 2. c4 c6 3. Nf3 Nf6 4. Nc3
dxc4 5. e4 b5 $1 {[%cal Bb7b5,Bb5b4][%mdl 32]} 6. Be2 {D15: Slav Defence: 4
Nc3 a6 and gambit lines after 4 Nc3 dxc4.} e6 7. a4 $5 {[%mdl 4] An
interesting side line.} b4 {[%cal Rb4c3]} 8. e5 {Black is better.} bxc3 9. exf6
cxb2 10. fxg7 Bxg7 ({Inferior is} 10... bxc1=Q 11. gxh8=Q Qa5+ 12. Kf1 $16) ({
Better is} 10... bxa1=Q $11 11. gxh8=Q Qa5+ 12. Nd2 c3) 11. Bxb2 $14 Qa5+ 12.
Nd2 $1 Ba6 {aiming for ...c3.} 13. Rc1 O-O 14. O-O Nd7 $1 15. Bxc4 Bxc4 16.
Nxc4 Qd5 17. Ne3 {[#]} Qe4 $146 ({Predecessor:} 17... Qd6 18. Qf3 Rac8 19. Nc4
Qd5 20. Ba3 Qxf3 21. gxf3 Rfd8 22. Be7 Bxd4 23. Bxd8 Rxd8 {1-0 (50) Van
Foreest,J (2698)-Liang,A (2587) Chess24.com INT 2021}) 18. a5 (18. Re1 $14)
18... Rfb8 (18... c5 $5) 19. Ba1 {Black must now prevent Rc4.} Rb5 {[#]} (19...
Nf6 $1 $11 {and Black has nothing to worry.}) 20. Rc4 $1 $36 {[%cal Bc1c4,
Bc4a4,Ba4a5][%mdl 2080] Hoping for d5. White is really pushing.} Rxa5 21. Bc3
Rd5 22. Nxd5 Qxd5 23. Ra4 Nb6 24. Ra5 Qd8 25. Qd3 Nd5 26. Bd2 Ne7 27. Qa3 Nf5
28. Rxa7 Rxa7 29. Qxa7 Bxd4 30. Qa3 Qd5 31. Bc3 c5 {( -> ...Nh4)} 32. Bxd4 cxd4
$16 {[%mdl 4096] Endgame KQR-KQN} 33. Qd3 Nh4 {[%csl Gh4][%cal Rd5g2]} 34. Qg3+
Ng6 35. Re1 Kg7 36. h4 Qh5 37. Qd3 Qxh4 38. Re4 {[%mdl 64] [#] Double Attack}
Qf6 39. Rxd4 h5 40. Qe3 e5 41. Rd1 Qf5 42. Re1 Qg4 43. Qc3 (43. Rb1 {seems
wilder.} h4 44. Rb6 Qf4 45. Rb7 Kf6 46. Ra7) 43... Qg5 44. Re3 h4 45. Re4 Kh6
46. Qf3 Kg7 47. Rg4 Qh5 48. Kh2 Kf8 49. Qa8+ Kg7 50. Qc8 Kf6 51. Qd8+ Kg7 52.
Rg5 Qe2 53. Rf5 Qc4 54. Qf6+ Kg8 55. Rg5 {Qxe5 is the strong threat.} Qe4 56.
f3 Qe1 57. Rg4 Qe3 58. Qxh4 Kg7 59. Qg5 Qxg5 60. Rxg5 $18 {KR-KN} f6 61. Rg4 f5
$2 (61... Kf7 62. Kg3 f5) 62. Ra4 Kf6 63. g3 Nf8 64. Kg2 Ne6 65. Ra6 Kf7 66.
Kf2 f4 67. g4 Ng5 $2 (67... Nd4 68. g5 Kg7) 68. Ke2 {White is clearly winning.}
Kg7 69. Rb6 Kf7 70. Rh6 {Weighted Error Value: White=0.06/Black=0.13} 1-0

[Event "FIDE Chesscom Grand Swiss 2021"]
[Site "Riga"]
[Date "2021.11.01"]
[Round "6.44"]
[White "Movsesian, Sergei"]
[Black "Van Foreest, Lucas"]
[Result "1-0"]
[WhiteElo "2627"]
[BlackElo "2543"]
[Annotator "TA"]
[PlyCount "57"]
[EventDate "2021.10.27"]
[EventType "swiss"]
[EventCountry "LAT"]
[Tiebreak "Cut1 Buchholz+Sonneborn-Berger (Swiss)"]
[SourceTitle "playchess.com"]
[Source "ChessBase"]
[SourceQuality "1"]

{[%evp 9,56,4,11,4,10,7,10,0,0,0,0,-49,0,0,0,0,0,-25,0,0,0,2,20,0,13,9,19,21,
26,38,87,103,133,142,741,727,1191,1197,1147,95,1139,1135,1110,1084,29989,29990,
29990,29991,29999]} 1. e4 e5 2. Nf3 Nf6 3. Nxe5 d6 4. Nf3 Nxe4 5. c4 Nc6 6. d3
{C42: Petroff Defence: 3 Nxe5 and unusual White 3rd moves.} Nf6 7. d4 Be7 8.
Nc3 {The position is equal.} O-O 9. h3 d5 10. c5 $5 {[%mdl 4] [#] A promising
side line.} b6 $146 (10... Bxc5 $5 11. dxc5 d4 $15) ({Predecessor:} 10... Re8
11. Be3 Bxc5 12. dxc5 d4 13. Nxd4 Nxd4 14. Bc4 Bf5 15. Rc1 Qd7 16. O-O Rad8 17.
Bxd4 Qxd4 18. Qxd4 Rxd4 {1/2-1/2 (48) Galego,L (2506)-Delgado Palomeque,M 
(2224) Evora 2008}) 11. Bb5 Nb8 12. cxb6 axb6 13. Ne5 Ba6 (13... Bb7 {with
more complications.} 14. O-O c6 15. Bd3 Nbd7 16. Nf3 Bd6) 14. Bxa6 Rxa6 15. O-O
c6 16. Qd3 {Nxc6! is the strong threat.} b5 17. Bf4 Qb6 18. Rfe1 b4 19. Ne2 {
And now Ng3 would win.} Ne4 {[#]} 20. Ng3 $1 {[%cal Rg3e4]} Nxg3 21. Qxg3 {
Black must now prevent Ng4.} ({Resist} 21. fxg3 $6 Bf6 $14) 21... Ra8 $2 {
[%mdl 8192]} (21... Ra7 $16 22. Ng4 Kh8) 22. Ng4 $18 Qd8 {[#]} 23. Rxe7 $1 {
[%mdl 512]} Qxe7 24. Nh6+ $40 {[%mdl 128] White is out for blood.} Kh8 {
[#] Threatens to win with ...Qf6.} 25. Nf5 $1 {[%csl Gf5,LRe7,LRg7][%cal Rg3g7]
[%mdl 64] Double Attack} ({Less strong is} 25. Bd6 Qe8 $16) 25... Qf6 {[#]} 26.
Be5 $1 Qg6 (26... Qxe5 27. Qxe5) 27. Bxg7+ {[%mdl 64] Double Attack. White
mates.} Kg8 28. Bf6 {[%cal Rf5h6]} Qg5 29. Nh6# {Weighted Error Value: White=0.
05/Black=0.38} 1-0

[Event "FIDE Chesscom Grand Swiss 2021"]
[Site "Riga"]
[Date "2021.11.01"]
[Round "6.45"]
[White "Kravtsiv, Martyn"]
[Black "Neiksans, Arturs"]
[Result "1-0"]
[WhiteElo "2625"]
[BlackElo "2570"]
[Annotator "TA"]
[PlyCount "159"]
[EventDate "2021.10.27"]
[EventType "swiss"]
[EventCountry "LAT"]
[Tiebreak "Cut1 Buchholz+Sonneborn-Berger (Swiss)"]
[SourceTitle "playchess.com"]
[Source "ChessBase"]
[SourceQuality "1"]

{[%evp 13,159,-20,-12,-14,-21,-17,-19,-21,-8,-35,-27,-30,18,8,17,-21,-30,-24,
-20,-40,-33,-60,-31,-35,-12,-14,0,0,0,0,0,0,52,0,98,98,95,111,85,89,87,76,75,
75,78,75,126,126,122,120,120,120,122,122,168,158,168,163,177,114,252,147,135,
135,140,136,132,133,125,130,125,0,114,117,144,105,205,192,312,318,387,387,485,
390,465,465,339,228,559,486,481,470,570,570,529,504,493,341,308,297,29977,
29978,29978,29979,29979,29978,29973,0,29967,0,1537,1522,944,466,411,410,29962,
29965,29959,12398,29970,29972,29976,29977,29979,29979,29982,29979,29981,29980,
29979,29980,29982,29975,29980,29980,29982,29982,29987,29988,29988,29989,29990,
29990,29991,29991,29992,29993]} 1. d4 Nf6 2. c4 e6 3. Nc3 Bb4 4. g3 O-O 5. Bg2
d5 6. Nf3 dxc4 7. O-O Nc6 8. Qa4 {E20: Nimzo-Indian: 4 g3 and 4 f3.} Nd5 9. Qc2
Be7 10. Rd1 {The position is equal.} Bd7 11. e4 {[#]} Ncb4 12. Qd2 Nxc3 13.
Qxc3 {[#]} Ba4 $146 ({Predecessor:} 13... b5 14. Ne5 Be8 15. a3 Nc6 16. Nxc6
Bxc6 17. b3 f5 18. bxc4 Bxe4 19. Bxe4 fxe4 20. cxb5 {1-0 (48) Ioannidis,E 
(2413)-Barski,R (2471) Katowice 2019}) 14. b3 cxb3 15. axb3 Be8 16. Bf4 c6 17.
Bh3 Kh8 18. Bc1 f5 19. Bb2 {Threatens to win with d5.} fxe4 20. d5 $1 {[%csl
Gb2][%cal Rc3g7]} Rf6 21. dxc6 Nd5 22. Qe5 bxc6 (22... exf3 $2 23. cxb7 Rb8 24.
Bxe6 $18) (22... Bxc6 $11 23. Bxe6 (23. Qxe4 Nf4 $15) 23... Qf8 24. Bxd5 Rxf3
25. Bxc6 bxc6 26. Qxe4 Rxf2) 23. Ng5 ({Better is} 23. Qxe4 $14 Qb6 24. Bxf6
Bxf6 25. Rac1 (25. Qxe6 Bh5 $14) (25. Bxe6 Nc3 $11)) 23... Bg6 (23... e3 $1 $11
24. fxe3 Bd6) 24. Nxe4 $16 Bxe4 25. Qxe4 Qf8 26. Bxf6 Bxf6 27. Qxe6 {aiming
for Rac1.} Bxa1 28. Rxa1 Qc5 29. Qf7 a5 (29... Qe7 $142 30. Qxe7 Nxe7) 30. Re1
{Re8+ would kill now.} Qf8 31. Qd7 Nb4 32. Bf1 h6 33. Bc4 Qd8 34. Qf7 Qf8 35.
Qg6 Rc8 36. Be6 (36. Re6 $18) 36... Re8 {[#]} (36... Qe8 $16 37. Qf5 Qe7) 37.
Re5 (37. Re4 $1 $18 {Threatening mate with Bf5.} Rb8 38. Rf4) 37... Nd5 {[#]}
38. Bf5 $1 $40 {[%csl Gf5][%cal Rg6h7][%mdl 640] Black is in trouble.} Nf6 39.
Rxa5 Qe7 40. Kg2 Qb7 41. Kh3 Re2 42. Ra4 (42. f3 $16) 42... Kg8 (42... Rxf2 $11
43. Rd4 Qb6) 43. Rd4 {White leaves nothing to chance now.} Qe7 44. Rf4 Rb2 (
44... Qf7 $16) 45. Bd3 {Intending Rxf6! and mate.} Qe6+ (45... Qd7+ {is a
better defense.} 46. Kg2 Qd5+ 47. Kg1 Rd2) 46. Kh4 $18 {Black must now prevent
Bc4!} Qe7 {Threatening ...Nd5+.} 47. Bc4+ Kh8 {Hoping for ...Nd5+.} 48. Kh3 {
And now Rxf6! would win.} Qf8 49. Bd3 {White wants to mate with Rxf6!} Qc8+ 50.
Bf5 Qd8 (50... Qg8 {is more resistant.} 51. Bc2 Qh7) 51. Bc2 Qd7+ 52. Kg2 Qd5+
53. Be4 Qd7 54. Rxf6 gxf6 55. Qxh6+ {[%mdl 4096] Endgame KQR-KQB} Kg8 56. Qxf6
{[%mdl 64] Double Attack} Rxb3 (56... Rd2 $18 57. Bxc6 Qd4 58. Qg6+ Kf8 59.
Qf5+ Kg7) 57. Bxc6 Qd3 58. Qe6+ Kg7 59. Qe5+ Kf8 60. Qf6+ Kg8 61. Qe5 $2 (61.
Qg5+ {mates} Kh7 62. Qe5 Kh6 63. Be4 Qd8 64. Qe6+ {[%mdl 64] Double Attack} Kg7
65. Qxb3 Kf6 66. Qc3+ Ke6 67. Qc4+ Ke7 68. Qc5+ Qd6 69. Qxd6+ Kxd6 70. Kf3)
61... Rb6 $2 {[%mdl 8192]} (61... Kf8 $11 62. Qc5+ Kf7 63. Bd5+ {[%mdl 64]
Double Attack} Ke8 64. Qc8+ Ke7 65. Qe6+ Kd8 66. Bxb3 Kc7) 62. Bd5+ Kf8 63. h4
(63. Qf4+ $142 Ke8 64. Qa4+ Kd8 65. Qa8+ Ke7 66. Qa7+ {[%mdl 64] Double Attack}
Ke8 67. Bf7+ Kf8 68. Qxb6 Kxf7 69. f3) 63... Qg6 64. h5 ({Weaker is} 64. Qc7
Rd6 $18) 64... Qf6 (64... Qd6 $18 65. Qh8+ Ke7) 65. Qxf6+ Rxf6 {KR-KB} 66. g4
Ra6 67. f4 {White mates.} Kg7 68. g5 Ra5 69. Be4 Ra3 70. Kf2 Rh3 71. Bf3 Rh2+
72. Kg3 Rb2 73. Kg4 Rb6 74. h6+ Kh8 75. Be4 Kg8 76. g6 Rd6 77. f5 Rd1 78. Kf4
Rd2 79. Ke5 Re2 80. f6 {Weighted Error Value: White=0.24/Black=0.39} 1-0

[Event "FIDE Chesscom Grand Swiss 2021"]
[Site "Riga"]
[Date "2021.11.01"]
[Round "6.46"]
[White "Sindarov, Javokhir"]
[Black "Jumabayev, Rinat"]
[Result "1-0"]
[WhiteElo "2587"]
[BlackElo "2658"]
[Annotator "TA"]
[PlyCount "135"]
[EventDate "2021.10.27"]
[EventType "swiss"]
[EventCountry "LAT"]
[Tiebreak "Cut1 Buchholz+Sonneborn-Berger (Swiss)"]
[SourceTitle "playchess.com"]
[Source "ChessBase"]
[SourceQuality "1"]

{[%evp 23,135,27,50,41,39,42,35,48,34,45,37,18,22,18,19,8,44,30,36,18,14,1,3,0,
0,-12,-3,0,31,35,82,75,58,74,75,66,59,67,65,68,108,37,75,68,77,75,71,70,78,80,
80,79,79,77,90,90,90,81,86,88,89,81,116,60,85,72,71,63,81,80,75,83,85,97,79,64,
156,154,161,135,244,244,244,237,352,341,692,685,650,600,909,905,902,877,877,
877,877,877,814,638,1142,1143,1092,1078,1051,1040,1017,1017,984,961,961,943,
903,844]} 1. e4 c5 2. Nc3 e6 3. Nf3 Nc6 4. d4 cxd4 5. Nxd4 Nf6 6. Ndb5 Bb4 7.
a3 Bxc3+ 8. Nxc3 d5 9. exd5 exd5 10. Bd3 O-O 11. O-O Bg4 12. f3 Bh5 {is
recently more successful than 12...Be6.} 13. Bg5 {B45: Sicilian Four Knights.}
Qb6+ 14. Kh1 Ne4 15. Nxe4 {White is slightly better.} dxe4 16. Bxe4 Qxb2 17.
Qd6 $5 {[%mdl 4] An interesting side line.} Bg6 18. Rab1 Qc3 {[#]} 19. Bd5 $146
({Predecessor:} 19. Bxg6 hxg6 20. Rxb7 Rac8 21. Qd3 Qa5 22. Bd2 Qa4 23. Be3
Rfe8 24. Qd5 Nd8 25. Rxa7 Qxc2 {1-0 (46) Ptacnikova,L (2183)-Bakalarz,G (2068)
Turin 2006}) 19... Rac8 20. Rxb7 Nd4 21. Qd7 {Black must now prevent Be7.} (21.
Rxa7 $2 Nb5 $19) 21... Qxc2 22. Rg1 (22. Rxa7 $2 h6 $19) 22... Qf2 {aiming for
...Ne2.} 23. Qe7 {And now Be3 would win.} Nf5 24. Qb4 h6 25. Bf4 a5 26. Qxa5
Rc5 27. Qb6 Qd4 28. Be4 Rfc8 29. Rb8 Rxb8 30. Qxb8+ Kh7 31. Qb6 Qc4 32. Qb1 (
32. a4 $16) 32... Qa4 33. Qb4 Rc4 34. Qxa4 Rxa4 35. Bc1 Nd6 36. Bxg6+ Kxg6 $16
{[%mdl 4096] Endgame KRB-KRN} 37. Rd1 Nb5 38. Bb2 h5 39. Kg1 f6 40. Kf2 Ra6 41.
Rd3 Nd6 42. Ke2 Kf5 43. Kd1 (43. Rd4 $16) 43... g5 44. Kc2 Nc4 45. Rc3 Ne5 46.
Bc1 g4 47. f4 Ng6 48. g3 h4 49. Rc4 h3 (49... hxg3 $14 50. hxg3 Ne7) 50. a4 $1
Nh4 {Strongly threatening ...Nf3.} 51. Rc5+ $1 (51. gxh4 g3 $11) 51... Kg6 (
51... Ke4 $16 {was worth a try.}) 52. gxh4 $18 {f5+ is the strong threat.
KRB-KR} g3 53. h5+ $1 (53. hxg3 $2 h2 $19) 53... Kh6 (53... Kh7 $142 54. Rc7+ (
54. hxg3 $2 h2 $19) 54... Kh8) 54. Rc3 $1 {[%cal Rc3g3]} (54. hxg3 h2 $11)
54... Rc6 $2 {[#]} (54... g2 55. f5+ Kg7 56. Rg3+ Kh7) 55. f5+ $1 {White is
clearly winning.} (55. Rxc6 $2 {perishes.} gxh2 56. f5+ Kxh5 $19) 55... Kxh5 {
[#]} 56. Bf4 $1 (56. Rxc6 $2 {loses.} gxh2 57. Rxf6 h1=Q $19) 56... g2 57. Be3
({Stronger than} 57. Rxc6 g1=Q $17) 57... Ra6 58. Ra3 Kg4 59. Kd2 Kxf5 60. a5
Kg4 61. Ke2 f5 62. Ra4+ Kh5 63. Kf3 f4 64. Bg1 Kg5 65. Ra1 Kf5 66. Bb6 Kg5 67.
Kf2 Kg4 68. Rd1 {Weighted Error Value: White=0.05/Black=0.28} 1-0

[Event "FIDE Chesscom Grand Swiss 2021"]
[Site "Riga"]
[Date "2021.11.01"]
[Round "6.47"]
[White "Goryachkina, Aleksandra"]
[Black "Adhiban, B.."]
[Result "1/2-1/2"]
[WhiteElo "2602"]
[BlackElo "2672"]
[Annotator "TA"]
[PlyCount "52"]
[EventDate "2021.10.27"]
[EventType "swiss"]
[EventCountry "LAT"]
[Tiebreak "Cut1 Buchholz+Sonneborn-Berger (Swiss)"]
[SourceTitle "playchess.com"]
[Source "ChessBase"]
[SourceQuality "1"]

{[%evp 9,52,62,73,62,75,0,0,0,-9,0,33,23,41,34,40,33,45,20,34,26,39,33,24,-74,
-67,-87,-59,-59,-13,-8,0,-111,-115,-114,-104,-114,-18,-106,-97,-172,0,-31,0,
-164,0]} 1. d4 d6 2. e4 g6 3. c4 e5 4. Nc3 exd4 5. Qxd4 Nf6 6. Bg5 {A41: 1 d4
d6: Tartakower System and Modern Defence.} Nbd7 7. Nf3 (7. f4 $16 h6 8. Bh4)
7... h6 {[#]} 8. Be3 $146 {The position is equal.} ({Predecessor:} 8. Bxf6 Nxf6
9. e5 Qe7 10. O-O-O dxe5 11. Nxe5 Bg7 12. Qe3 O-O 13. Bd3 Re8 14. Rhe1 {
1-0 (39) Rasovsky,J-Brach,J Piestany 1922}) 8... Bg7 9. Qd2 Ng4 10. Bd4 Nde5
11. O-O-O Be6 12. h3 c5 13. hxg4 {Hoping for Bxe5.} cxd4 14. Nxd4 Bxc4 15. f4
Bxf1 16. fxe5 (16. Rhxf1 $11 {remains equal.} Nc4 17. Qe2) 16... dxe5 $17 17.
Rdxf1 exd4 (17... Qxd4 18. Qe2 $11) 18. Nd5 O-O 19. Rxh6 d3 {...Rc8+ is the
strong threat.} (19... Bxh6 $2 20. Qxh6 Rc8+ 21. Kb1 $18) 20. Rfh1 (20. Kb1 $1
$11 Rc8 21. Rfh1) 20... Qc8+ 21. Nc3 {And now Rh8+! would win.} Rd8 ({Of
course not} 21... Qxg4 $6 22. Rh8+ $1 Bxh8 23. Qh6 $11) 22. Rh7 Qxg4 (22... Qc5
$17 23. Rxg7+ Kxg7 24. Qh6+ Kf6 25. Rf1+ Ke6) 23. Nd5 (23. Kb1 $11) 23... Qc8+
$1 (23... Qxe4 24. Rxg7+ $1 {[%mdl 512]} Kxg7 25. Qh6+ Kg8 26. Qh8#) 24. Nc3 (
24. Kb1 $17 {was necessary.} Qc2+ 25. Qxc2 dxc2+ 26. Kc1) 24... Qg4 (24... Qc4
$19 {aiming for ...Be5.} 25. Rxg7+ Kxg7 26. Qh6+ Kf6) 25. Nd5 $15 {Threatening
mate with Rxg7+!} Qc8+ ({Not} 25... Qxe4 {[#]} 26. Rxg7+ $1 {[%mdl 512]} Kxg7
27. Qh6+ Kg8 28. Qh8#) (25... Rac8+ $15 26. Kb1 Rxd5 $1 {[%mdl 512]} 27. exd5
Qe4) 26. Nc3 $1 $19 ({But not} 26. Kb1 Qc2+ 27. Qxc2 dxc2+ 28. Kc1 Rd7 $17)
26... Qg4 $2 {Weighted Error Value: White=0.29/Black=0.25} ({Black should play
} 26... Qc4 $19 27. Rxg7+ Kxg7 28. Qh6+ Kf6) 1/2-1/2